000 00626nam a22001937a 4500
005 20230713120109.0
008 130704t fr ||||| |||| 00| 0 fre d
050 0 4 _aB53
_bG65 1952
100 1 _aGoldmann, Lucien.
245 1 4 _aSciences humaines et philosophie : par Lucien Goldmann /
_cLucien Goldmann.
250 _a1a edición
260 _aFrance :
_bPresses Universitaires de France,
_c1952
300 _a145 p. ;
_c19 cm.
490 _aFichas ;
_v v.2
500 _aNota : Traducción de : Sciences humaines et philosophie
650 7 _2LEMB
_aFilosofía
650 7 _2LEMB
_aCiencias sociales
942 _2lcc
_cLIB
999 _c152398
_d152396